MEDICAL MALPRACTICE LAW (Record no. 216298)

MARC details
000 -LEADER
fixed length control field 00420nam a22001577a 4500
008 - FIXED-LENGTH DATA ELEMENTS--GENERAL INFORMATION
fixed length control field 251126b |||||||| |||| 00| 0 eng d
020 ## - INTERNATIONAL STANDARD BOOK NUMBER
International Standard Book Number 978-1-85800-476-1
100 ## - MAIN ENTRY--PERSONAL NAME
Personal name HEALY, JOHN
245 ## - TITLE STATEMENT
Title MEDICAL MALPRACTICE LAW
260 ## - PUBLICATION, DISTRIBUTION, ETC.
Place of publication, distribution, etc. DUBLIN
Name of publisher, distributor, etc. THOMSON REUTERS
Date of publication, distribution, etc. 2009
300 ## - PHYSICAL DESCRIPTION
Extent LXVII, 1011P.
500 ## - GENERAL NOTE
General note INCLUDES INDEX
650 ## - SUBJECT ADDED ENTRY
Topical term or geographic name entry element 1. MEDICAL LAWS AND LEGISLATION
942 ## - ADDED ENTRY ELEMENTS (KOHA)
Source of classification or shelving scheme Library of Congress Classification
Koha item type Long Loan Book
Holdings
Withdrawn status Lost status Source of classification or shelving scheme Damaged status Not for loan Collection Home library Current library Shelving location Date acquired Inventory number Total checkouts Full call number Barcode Date last seen Copy number Price effective from Koha item type
    Library of Congress Classification     Law Kisii University Library Kisii University Library On Display 11/26/2025 110185   K 4366 . H43 2009 000000018912 11/26/2025 C.1 11/26/2025 Long Loan Book
    Library of Congress Classification     Law Kisii University Library Kisii University Library On Display 11/26/2025 110186   K 4366 . H43 2009 000000018911 11/26/2025 C.2 11/26/2025 Long Loan Book
    Library of Congress Classification     Law Kisii University Library Kisii University Library On Display 11/26/2025 110187   K 4366 . H43 2009 000000018910 11/26/2025 C.3 11/26/2025 Long Loan Book